000 01391nam a2200265Ia 4500
999 _c53199
_d53199
001 20240
003 GE_BSU
005 20200630130940.0
008 181216s1995||||ge |||||||||||||| ||geo||
020 _a5-505-01804-1
040 _cGE_BSU
041 _a81'25 + 81'38 ფ-23
080 _a81'25 + 81'38
100 _aფანჯიკიძე, დალი
_98905
245 _aთარგმანის ახალი თეორიები და სტილის ეკვივალენტობის პრობლემა /
_cდალი ფანჯიკიძე ; რედ. ნ. სუხიტაშვილი
264 _aთბილისი :
_bგანათლება,
_c1995.
300 _a200 გვ. ;
_c20 სმ.
300 _eსაქართველოს სსრ მეცნიერებათა აკადემია, ენათმეცნიერების ინსტიტუტი.
504 _aბიბლიოგრაფია : გვ. 189-198
541 _h5 ლ.
653 _aთარგმანის ახალი თეორიები და სტილის ეკვივალენტობის პრობლემა
653 _aქართული ენა
700 _a სუხიტაშვილი, ნ.
_eრედაქტორი
_98906
942 _cBK
_2udc